| 000 | 01012 a2200169 4500 | ||
|---|---|---|---|
| 003 | NUST | ||
| 005 | 20221209152458.0 | ||
| 040 | _cNust | ||
| 082 | _a297.55,BAZ | ||
| 100 |
_a Baz, Shaykh Abdul Aziz bin Abdullah Bin _9104566 |
||
| 245 |
_aFatawa Islamiyah Islamic Verdicts (Vol-8) / _cShaykh Abdul Aziz bin Abdullah Bin Baz |
||
| 260 |
_aLondon _bDarussalam _c2001 |
||
| 300 | _a415 p. ; | ||
| 505 | _aJihad Da , Wah and Commanding Good and Forbidding Evil (Page-19), Rulings for Employees and Workers (Page-80), Rulings for Teachers and Students (Page-116), Dreams and Visions (Page-129), Bribery and its Effects (Page-136), The Orphan Wealth (Page-149), Collection of Various Topics (Page-208), Cosmetic Surgery Transplants and Blood Transfusion (Page-225), Backbiting Slander and Gatherings (Page-285), Issues Regarding Circumcision (Page-343), Miscellaneous Rulings (Page-355), Resolutions from the Fiqh Council in Makkah (Page-399). | ||
| 650 |
_aIslamic Verdicts _9104571 |
||
| 942 |
_2ddc _cBK _k297.55,BAZ |
||
| 999 |
_c197100 _d197100 |
||